000 00522nam a2200181Ia 4500
008 090124s9999 xx 000 0 und d
082 _b106005
100 _aबाबर सरोजीनी
245 _a मराठी लोककथा
250 _a1
260 _c1957
300 _a121
600 _aबाबर सरोजीनी
630 _a मराठी लोककथा
700 _aबाबर सरोजीनी
730 _a मराठी लोककथा
942 _cBOOK
999 _c152096
_d152096